Państwa Europy bez dostępu do morza - Statystyki

Ogólne statystyki
  • Ten quiz został rozwiązany 71 razy
  • Średni wynik to 14 z 15
Odpowiedzi na mapie
Odpowiedzi zakodowano w zielono-czerwonej skali na mapie do tego quizu, zgodnie z poniższymi procentami.
 
Statystyki odpowiedzi
Państwo % Poprawnych
Austria
98%
Czechy
98%
Liechtenstein
98%
Luksemburg
98%
Słowacja
98%
Białoruś
97%
Watykan
97%
Andora
95%
Kosowo
95%
San Marino
95%
Szwajcaria
95%
Węgry
95%
Macedonia Północna
92%
Mołdawia
92%
Serbia
90%
Nie znaleziono quizów pasujących do podanych kryteriów
Rozkład punktacji
Procent ludzi z każdym wynikiem
Percentyl według liczby udzielonych odpowiedzi
Twoja historia wyników
Nie rozwiązałeś tego quizu